Bases statistiques pour la recherche médicale et biologique

সংরক্ষণ করুন:
গ্রন্থ-পঞ্জীর বিবরন
প্রধান লেখক: Grémy, François (Author), Salmon, Denise (Author)
বিন্যাস: গ্রন্থ
ভাষা:ফরাসি
প্রকাশিত: París Dunod 1969
মালা:Sciences Mathématiques au Service de la Médicine
বিষয়গুলি:
ট্যাগগুলো: ট্যাগ যুক্ত করুন
কোনো ট্যাগ নেই, প্রথমজন হিসাবে ট্যাগ করুন!

MARC

LEADER 00000nam a2200000 a 4500
001 UCP2244
003 CL-VaPUC
008 990507e19690000FR |||||||||||||||||fre|d
082 0 4 |a 570.15195  |b GRE  |2 21 
100 0 |a Grémy, François  |e author  |9 428811 
700 0 |a Salmon, Denise  |e author  |9 428812 
245 1 0 |a Bases statistiques pour la recherche médicale et biologique 
300 |a 412 p 
942 |c BK 
945 |d 19990507 00:00:00  |a crobeson 
260 |a París  |b Dunod  |c 1969 
650 0 |a Bioestadística  |9 261187 
650 0 |a Estadística descriptiva  |9 366209 
650 7 |a DISTRIBUCION ESTADISTICA  |2 CL-VaPUC  |9 428813 
650 7 |a CALCULO DE PROBABILIDADES  |2 CL-VaPUC  |9 357433 
650 0 |a Teoría de probabilidades   |9 336944 
650 0 |a Regresión lineal   |9 362689 
583 |a last modification  |c 19990507 00:00:00  |k Rodrigo Vera 
490 0 |a Sciences Mathématiques au Service de la Médicine 
999 |c 280803  |d 280801 
952 |0 0  |1 0  |4 0  |6 570_151950000000000_GRE_1969  |7 0  |8 A  |9 321311  |a BIBMAT  |b BIBMAT  |d 2019-11-20  |i 1344943  |o 570.15195 GRE 1969  |p 1344943  |r 2025-01-07  |w 2019-11-20  |y BK  |k MAT